000 00581nam a2200229 a 4500
001 nice12345678
003 IN_TiNIC
005 20260116013024.0
008 070618s1980 lona grp 000 0 eng
020 _a
_c630
082 0 0 _a500.80297
_bHUS4
100 _aHusaini, S Waqar Ahmed
245 _aIslamic Environmental Systems Engineering
260 _aLondon
_bNo Publisher
_c1980
300 _a239p
500 _aincludes index and biblioraphy
650 _aIslam and Science
700 1 _aHusaini, S Waqar Ahmed
902 _bSRS
942 _cBK
999 _c9316
_d9316